Basics College: Get on the Fast Track to Success / (Record no. 616902)

000 -LEADER
fixed length control field 00383nam a22001337a 4500
020 ## - INTERNATIONAL STANDARD BOOK NUMBER
Qualifying information PB.
040 ## - CATALOGING SOURCE
Transcribing agency FIZZA ISHAQ
082 ## - DEWEY DECIMAL CLASSIFICATION NUMBER
Classification number 378.198
Author Mark HUD
100 ## - MAIN ENTRY--PERSONAL NAME
Personal name Hudson , Christopher D.
9 (RLIN) 133986
245 ## - TITLE STATEMENT
Title Basics College: Get on the Fast Track to Success /
Statement of responsibility, etc. Christopher D. Hudson.
260 ## - PUBLICATION, DISTRIBUTION, ETC.
Place of publication, distribution, etc. New York:
Name of publisher, distributor, etc. Barbour ,
Date of publication, distribution, etc. 2003.
300 ## - PHYSICAL DESCRIPTION
Extent 184 p. ;
Dimensions 8 x 5.2 inches
942 ## - ADDED ENTRY ELEMENTS (KOHA)
Source of classification or shelving scheme
Koha item type Book
Holdings
Withdrawn status Lost status Source of classification or shelving scheme Damaged status Not for loan Permanent Location Current Location Shelving location Date acquired Total Checkouts Full call number Barcode Date last seen Price effective from Koha item type
          NUST Baluchistan Campus (NBC) NUST Baluchistan Campus (NBC) General Stacks 04/08/2026   378.198 HUD QD-735 04/08/2026 04/08/2026 Book
© 2023 Central Library, National University of Sciences and Technology. All Rights Reserved.